000 00303nam a22001337a 4500
008 170316b xxu||||| |||| 00| 0 eng d
020 _a9780750675062
041 _aeng
080 _a616.8
100 _a7
101 _aSHM
245 _aINTRODUCTION TO CLINICAL NEUROLOOGY
_cGELB, D.J
942 _2udc
_cBK
999 _c7983
_d7983